Science of genetics: An introductin to heredity. (Record no. 24748)

MARC details
000 -LEADER
fixed length control field 00432nam a2200169Ia 4500
082 ## - DEWEY DECIMAL CLASSIFICATION NUMBER
Classification number 575:575.1
Item number BUR;1
100 ## - MAIN ENTRY--AUTHOR NAME
Personal name BURNS, George W
245 #0 - TITLE STATEMENT
Title Science of genetics: An introductin to heredity.
250 ## - EDITION STATEMENT
Edition statement Ed.3
260 ## - PUBLICATION, DISTRIBUTION, ETC. (IMPRINT)
Place of publication New York
Name of publisher Macmillan
Year of publication 1976
650 ## - SUBJECT ADDED ENTRY--TOPICAL TERM
Topical Term Genetic code
650 ## - SUBJECT ADDED ENTRY--TOPICAL TERM
Topical Term Genetics
650 ## - SUBJECT ADDED ENTRY--TOPICAL TERM
Topical Term Heredity
650 ## - SUBJECT ADDED ENTRY--TOPICAL TERM
Topical Term Multiple alletes
942 ## - ADDED ENTRY ELEMENTS (KOHA)
Koha item type Books
Holdings
Withdrawn status Lost status Damaged status Not for loan Home library Current library Date acquired Full call number Accession Number Koha item type
        RRII Library RRII Library 16/12/2021 575:575.1 BUR;1 05420 Books